<?xml version="1.0" encoding="UTF-8"?>
<record
    xmlns:xsi="http://www.w3.org/2001/XMLSchema-instance"
    xsi:schemaLocation="http://www.loc.gov/MARC21/slim http://www.loc.gov/standards/marcxml/schema/MARC21slim.xsd"
    xmlns="http://www.loc.gov/MARC21/slim">

  <leader>00608    a2200169   4500</leader>
  <controlfield tag="003">OSt</controlfield>
  <controlfield tag="005">20231102140635.0</controlfield>
  <controlfield tag="008">231102b        |||||||| |||| 00| 0 eng d</controlfield>
  <datafield tag="020" ind1=" " ind2=" ">
    <subfield code="a">9789380081984</subfield>
  </datafield>
  <datafield tag="040" ind1=" " ind2=" ">
    <subfield code="c">oclc</subfield>
  </datafield>
  <datafield tag="082" ind1=" " ind2=" ">
    <subfield code="a">297.095483</subfield>
    <subfield code="b">PRA/M</subfield>
  </datafield>
  <datafield tag="100" ind1="1" ind2=" ">
    <subfield code="a">Prange, Sebastian R.</subfield>
    <subfield code="9">9802</subfield>
  </datafield>
  <datafield tag="245" ind1=" " ind2=" ">
    <subfield code="a">Mansoon Islam: Madhyakaala Malabar Theerathe Vyaparavum Vishwasavum =</subfield>
    <subfield code="b">Monsoon Islam : trade and faith on the medieval Malabar Coast /</subfield>
    <subfield code="c">Sebastian R Prange</subfield>
  </datafield>
  <datafield tag="260" ind1=" " ind2=" ">
    <subfield code="a">Kerala:</subfield>
    <subfield code="b">Other Books,</subfield>
    <subfield code="c">2021.</subfield>
  </datafield>
  <datafield tag="300" ind1=" " ind2=" ">
    <subfield code="a">486 p</subfield>
  </datafield>
  <datafield tag="942" ind1=" " ind2=" ">
    <subfield code="2">ddc</subfield>
    <subfield code="c">BK</subfield>
    <subfield code="h">297.095483</subfield>
    <subfield code="i">PRA/M</subfield>
    <subfield code="k">297.095483</subfield>
    <subfield code="m">PRA/M</subfield>
  </datafield>
  <datafield tag="952" ind1=" " ind2=" ">
    <subfield code="0">0</subfield>
    <subfield code="1">0</subfield>
    <subfield code="2">ddc</subfield>
    <subfield code="4">0</subfield>
    <subfield code="7">0</subfield>
    <subfield code="8">ISLAM</subfield>
    <subfield code="a">MES</subfield>
    <subfield code="b">MES</subfield>
    <subfield code="c">ISL</subfield>
    <subfield code="d">2024-01-03</subfield>
    <subfield code="l">2</subfield>
    <subfield code="m">4</subfield>
    <subfield code="o">297.095483 PRA/M</subfield>
    <subfield code="p">44268</subfield>
    <subfield code="r">2024-11-15 15:58:41</subfield>
    <subfield code="s">2024-10-29</subfield>
    <subfield code="v">550.00</subfield>
    <subfield code="w">2024-01-03</subfield>
    <subfield code="y">BK</subfield>
    <subfield code="z">GL49R4</subfield>
  </datafield>
  <datafield tag="999" ind1=" " ind2=" ">
    <subfield code="c">42746</subfield>
    <subfield code="d">42746</subfield>
  </datafield>
</record>
